<?xml version="1.0" encoding="UTF-8"?>
<record
    xmlns:xsi="http://www.w3.org/2001/XMLSchema-instance"
    xsi:schemaLocation="http://www.loc.gov/MARC21/slim http://www.loc.gov/standards/marcxml/schema/MARC21slim.xsd"
    xmlns="http://www.loc.gov/MARC21/slim">

  <leader>02820nam a2200397 a 4500</leader>
  <controlfield tag="001">ebr10586754</controlfield>
  <controlfield tag="003">CaPaEBR</controlfield>
  <controlfield tag="006">m        u        </controlfield>
  <controlfield tag="007">cr cn|||||||||</controlfield>
  <controlfield tag="008">070827s2007    nyu     sb    101 0 eng d</controlfield>
  <datafield tag="010" ind1=" " ind2=" ">
    <subfield code="z">  2007034059</subfield>
  </datafield>
  <datafield tag="020" ind1=" " ind2=" ">
    <subfield code="z">0823228118</subfield>
  </datafield>
  <datafield tag="020" ind1=" " ind2=" ">
    <subfield code="z">9780823228119</subfield>
  </datafield>
  <datafield tag="040" ind1=" " ind2=" ">
    <subfield code="a">CaPaEBR</subfield>
    <subfield code="c">CaPaEBR</subfield>
  </datafield>
  <datafield tag="035" ind1=" " ind2=" ">
    <subfield code="a">(OCoLC)794929193</subfield>
  </datafield>
  <datafield tag="050" ind1="1" ind2="4">
    <subfield code="a">BM535</subfield>
    <subfield code="b">.I486 2005eb</subfield>
  </datafield>
  <datafield tag="082" ind1="0" ind2="4">
    <subfield code="a">261.2/6</subfield>
    <subfield code="2">22</subfield>
  </datafield>
  <datafield tag="111" ind1="2" ind2=" ">
    <subfield code="a">International Colloquium of Jesuits in Jewish-Christian dialogue</subfield>
    <subfield code="n">(3rd :</subfield>
    <subfield code="d">2005 :</subfield>
    <subfield code="c">Zug, Switzerland)</subfield>
  </datafield>
  <datafield tag="245" ind1="1" ind2="0">
    <subfield code="a">Friends on the way</subfield>
    <subfield code="h">[electronic resource] :</subfield>
    <subfield code="b">Jesuits encounter contemporary Judaism /</subfield>
    <subfield code="c">edited by Thomas Michel.</subfield>
  </datafield>
  <datafield tag="250" ind1=" " ind2=" ">
    <subfield code="a">1st ed.</subfield>
  </datafield>
  <datafield tag="260" ind1=" " ind2=" ">
    <subfield code="a">New York :</subfield>
    <subfield code="b">Fordham University Press,</subfield>
    <subfield code="c">2007.</subfield>
  </datafield>
  <datafield tag="300" ind1=" " ind2=" ">
    <subfield code="a">x, 230 p.</subfield>
  </datafield>
  <datafield tag="490" ind1="1" ind2=" ">
    <subfield code="a">The Abrahamic dialogues series</subfield>
  </datafield>
  <datafield tag="500" ind1=" " ind2=" ">
    <subfield code="a">"The papers in this volume were delivered at the Third International Colloquium of Jesuits in Jewish-Christian dialogue ... held at Bad Sch&#xFFFD;onbrunn in Zug, Switzerland, from July 18 to 23, 2005"--Pref.</subfield>
  </datafield>
  <datafield tag="504" ind1=" " ind2=" ">
    <subfield code="a">Includes bibliographical references and index.</subfield>
  </datafield>
  <datafield tag="505" ind1="0" ind2=" ">
    <subfield code="a">Preface / Thomas Michel -- Introduction / Harold Kasimov -- From windfall to fall : the conversos in the Society of Jesus / Marc Rastoin -- Reflections on the dialogue between Jew and non-Jew in the Bible and in rabbinic literature / Tovia Ben-Chorin -- The goal of the Ignatian exercises and Soloveitchik's halakhic spirituality / Christian M. Rutishauser -- An Ignatian perspective on contemporary Jewish spirituality / Donald Moore -- The Jewish theology of Abraham Joshua Heschel as a challenge for Catholic theology / Stanislaw Obirek -- The genius and the wisdom of Harold Bloom / Peter Du Brul -- From Midrash to Rashi to contemporary narrative exegesis (R. Alter, M. Sternberg, et al.) : continuity in Jewish biblical reading / Jean-Pierre Sonnet -- Inscribe the new in the old : inner-biblical exegesis (M. Fishbane) and the hermeneutics of innovation (B. Levinson) / Jean-Pierre Sonnet -- A Catholic conversation with Hannah Arendt / James Bernauer -- What might Israelis and Jews learn about Christians and Christianity at Yad Vashem? / David M. Neuhaus.</subfield>
  </datafield>
  <datafield tag="533" ind1=" " ind2=" ">
    <subfield code="a">Electronic reproduction.</subfield>
    <subfield code="b">Palo Alto, Calif. :</subfield>
    <subfield code="c">ebrary,</subfield>
    <subfield code="d">2011.</subfield>
    <subfield code="n">Available via World Wide Web.</subfield>
    <subfield code="n">Access may be limited to ebrary affiliated libraries.</subfield>
  </datafield>
  <datafield tag="610" ind1="2" ind2="0">
    <subfield code="a">Catholic Church</subfield>
    <subfield code="x">Relations</subfield>
    <subfield code="x">Judaism</subfield>
    <subfield code="v">Congresses.</subfield>
  </datafield>
  <datafield tag="610" ind1="2" ind2="0">
    <subfield code="a">Jesuits</subfield>
    <subfield code="v">Congresses.</subfield>
  </datafield>
  <datafield tag="650" ind1=" " ind2="0">
    <subfield code="a">Judaism</subfield>
    <subfield code="x">Relations</subfield>
    <subfield code="x">Catholic Church</subfield>
    <subfield code="v">Congresses.</subfield>
  </datafield>
  <datafield tag="655" ind1=" " ind2="7">
    <subfield code="a">Electronic books.</subfield>
    <subfield code="2">local</subfield>
  </datafield>
  <datafield tag="700" ind1="1" ind2=" ">
    <subfield code="a">Michel, Thomas F.,</subfield>
    <subfield code="d">1941-</subfield>
  </datafield>
  <datafield tag="710" ind1="2" ind2=" ">
    <subfield code="a">ebrary, Inc.</subfield>
  </datafield>
  <datafield tag="830" ind1=" " ind2="0">
    <subfield code="a">Abrahamic dialogues series.</subfield>
  </datafield>
  <datafield tag="856" ind1="4" ind2="0">
    <subfield code="u">http://site.ebrary.com/lib/rucke/Doc?id=10586754</subfield>
    <subfield code="z">An electronic book accessible through the World Wide Web; click to view</subfield>
  </datafield>
  <datafield tag="999" ind1=" " ind2=" ">
    <subfield code="c">211651</subfield>
    <subfield code="d">211651</subfield>
  </datafield>
</record>
